La gestión obrera de las empresas en Yugoslavia

Sábháilte in:
Sonraí bibleagrafaíochta
Údair chorparáideacha: OIT (Údar), Oficina Internacional del Trabajo (Údar)
Formáid: LEABHAR
Teanga:Spáinnis
Foilsithe / Cruthaithe: Ginebra OIT 1962
Sraith:Estudios y Trabajos, 64
Ábhair:
Clibeanna: Cuir clib leis
Níl clibeanna ann, Bí ar an gcéad duine le clib a chur leis an taifead seo!

MARC

LEADER 00000nam a2200000 a 4500
001 UCR9394
003 CL-VaPUC
008 980613e19620000SZ |||||||||||||||||spa|d
082 0 4 |a 331.0949  |b OIT  |2 21 
110 2 |a OIT  |e author  |9 411881 
710 2 |a Oficina Internacional del Trabajo  |e author  |9 411882 
245 1 3 |a La gestión obrera de las empresas en Yugoslavia 
300 |a 355 p 
942 |c BK 
945 |d 19980613 00:00:00  |a crobeson 
260 |a Ginebra  |b OIT  |c 1962 
650 7 |a GESTION OBRERA  |2 CL-VaPUC  |9 411883 
650 0 |a Relaciones laborales   |9 335971 
650 0 |a Trabajadores  |9 260887 
650 0 |a Empresa  |9 350507 
650 7 |a ECONOMIA DEL TRABAJO  |2 CL-VaPUC  |9 320317 
651 0 |a Yugoslavia  |9 313912 
583 |a last modification  |c 19980613 00:00:00  |k Rodrigo Vera 
490 0 |a Estudios y Trabajos, 64 
999 |c 270592  |d 270590 
952 |0 0  |1 0  |4 0  |6 331_094900000000000_OIT_1962  |7 0  |8 A  |9 304927  |a BIBGIM  |b BIBGIM  |d 2019-11-20  |i 1411802  |o 331.0949 OIT 1962  |p 1411802  |r 2025-01-15  |w 2019-11-20  |y BK  |k COM